Chế độ sở hữu và canh tác ruộng đất ở nam bộ nửa đầu thế kỷ XIX /

Saved in:
Bibliographic Details
Main Author: Trần Thị Thu Lương
Format: Book (Paper)
Language:Vietnamese
Published: Tp. HCM : Thành phố Hồ Chí Minh, 1994
Tags: Add Tag
No Tags, Be the first to tag this record!
Institutions: Thư viện Trường Đại học Đà Lạt
LEADER 00740nam a2200277 4500
001 DLU030024409
005 ##20030815
008 ##030815t vn z000 vie d
040 # # |a DLU  |b vie 
041 # # |a vie 
044 # # |a vn 
082 # # |a 333.009 597  |b TR-L 
100 # # |a Trần Thị Thu Lương 
245 # # |a Chế độ sở hữu và canh tác ruộng đất ở nam bộ nửa đầu thế kỷ XIX /  |c Trần Thị Thu Lương 
260 # # |a Tp. HCM :  |b Thành phố Hồ Chí Minh,  |c 1994 
300 # # |a 248 tr. ;  |c 21 cm 
992 # # |a 0 
994 # # |a DLU 
900 # # |a True 
911 # # |a Lê Nguyên Khang 
925 # # |a G 
926 # # |a A 
927 # # |a SH 
980 # # |a Thư viện Trường Đại học Đà Lạt